000 00583nam a2200241Ia 4500
003 OSt
005 20220918212106.0
006 a|||||r|||| 00| 0
007 ta
008 220917b |||||||| |||| 00| 0 eng d
024 _a127,217
037 _cTextual
040 _aARTS
_cARTS
_beng
041 _2eng
_aeng
082 _aX, K42
100 _aRichardson G B
_9122449
245 0 _aEconomic theory
260 _c1964
490 _aHutchinson university library
650 _aECONOMICS
942 _hX, K42
_cTEXL
_2CC
999 _c250359
_d250359